Reflections from the keyboard : the world of the concert pianist /

Bibliographic Details
Main Author: Dubal, David
Format: Book
Language:English
Published: New York : London : Schirmer Books ; Prentice Hall International, [1997]
Edition:2nd ed.
Subjects:

MARC

Tag First Indicator Second Indicator Subfields
LEADER 00000cam a2200000 a 4500
001 in00001402529
005 20151020055422.0
008 970612s1997 nyua k 001 0 eng
010 |a  97025757  
020 |a 0028647769 (alk. paper) 
035 |a (OCoLC)37141263 
035 |9 AHN4407AM 
040 |a DLC  |c DLC  |d TXA  |d UtOrBLW 
049 |a TXAM 
050 0 0 |a ML397  |b .D82 1997 
082 0 0 |a 786.2/092/2  |2 21 
100 1 |a Dubal, David. 
245 1 0 |a Reflections from the keyboard :  |b the world of the concert pianist /  |c David Dubal. 
250 |a 2nd ed. 
264 1 |a New York :  |b Schirmer Books ;  |a London :  |b Prentice Hall International,  |c [1997] 
264 4 |c ©1997 
300 |a xxvii, 397 pages :  |b illustrations ;  |c 24 cm. 
336 |a text  |b txt  |2 rdacontent 
337 |a unmediated  |b n  |2 rdamedia 
338 |a volume  |b nc  |2 rdacarrier 
500 |a Includes index. 
650 0 |a Pianists  |v Interviews. 
948 |a c:ce 
999 |a MARS 
999 f f |s f7d9733a-ab27-34b0-8242-ab66771d657d  |i 2a78c598-25c8-3f14-92dd-c1c5566dbdcf  |t 0 
952 f f |p ric  |a Texas A&M University  |b Rellis Campus  |c Joint Library Facility  |d Remote Storage  |t 0  |e ML397 .D82 1997  |h Library of Congress classification  |i unmediated -- volume  |m A14823419843 
998 f f |a ML397 .D82 1997  |t 0  |l Remote Storage